Puti privatizacii: naši problemy i zarubežnyj opyt.

Tri možnosti reformy štátneho vlastníctva. Nejednotnosť názorov na predaj štátnych podnikov pracovným kolektívom. Stimulujúca úloha dividend. Reorganizácia štátnych podnikov vo východnej Európe na akciové spoločnosti. Skúsenosti Poľska a Maďarska s privatizáciou obchodných podnikov, podnikov verejné...

Ausführliche Beschreibung

Gespeichert in:
Bibliographische Detailangaben
1. Verfasser: Ol'štynskij, A.
Format: Buchkapitel
Sprache:Russisch
Schlagworte:
Tags: Tag hinzufügen
Keine Tags, Fügen Sie das erste Tag hinzu!

MARC

LEADER 00000naa a2200000 4500
001 r002956
005 20220819194552.4
041 0 |a rus 
044 |a [SU] 
245 1 0 |a Puti privatizacii: naši problemy i zarubežnyj opyt.  |c A. Ol'štynskij 
520 |a Tri možnosti reformy štátneho vlastníctva. Nejednotnosť názorov na predaj štátnych podnikov pracovným kolektívom. Stimulujúca úloha dividend. Reorganizácia štátnych podnikov vo východnej Európe na akciové spoločnosti. Skúsenosti Poľska a Maďarska s privatizáciou obchodných podnikov, podnikov verejného stravovania a služieb. 
610 2 0 |a privatizácia 
610 2 0 |a vlastníctvo štátne 
610 2 0 |a spoločnosti akciové 
610 2 0 |a dividendy 
610 2 0 |a MR 
610 2 0 |a PR 
610 2 0 |a podnik obchodný 
610 2 0 |a zariadenia stravovacie 
610 2 0 |a podnik štátny 
610 2 0 |a akcie 
610 2 0 |a ZSSR 
100 1 |a Ol'štynskij, A.